[Event "?"]
[Site "?"]
[Date "2021.09.14"]
[Round "4"]
[White "Володин, Виктор."]
[Black "Бардык, Артем."]
[Result "1/2-1/2"]
[WhiteElo "2039"]
[BlackElo "1924"]
[PlyCount "115"]

1. e4 c6 2. d4 d5 3. exd5 cxd5 4. Bd3 Nc6 5. c3 Nf6 6. Bf4 g6 7. Nf3 Bf5 8. Ne5
Bxd3 9. Nxd3 Bg7 10. Qb3 Qc8 11. O-O O-O 12. a4 b6 13. Na3 Qb7 14. Nc2 e6 15.
Rfd1 Na5 16. Qa2 Rac8 17. Ne3 Rfd8 18. Be5 Ne4 19. Bxg7 Kxg7 20. f3 Nd6 21. Re1
Nac4 22. Nxc4 Nxc4 23. Qb3 Qe7 24. Ne5 Qb7 25. Nd3 Qc7 26. Qc2 Qe7 27. Qc1 Qf6
28. Re2 Rc7 29. Qf4 Qe7 30. h4 h6 31. Ne5 Nd6 32. g3 g5 33. hxg5 hxg5 34. Qd2
Rh8 35. Kg2 Qf6 36. Ree1 Rcc8 37. Ng4 Qg6 38. Ne5 Qf6 39. Rh1 Rxh1 40. Rxh1 Rh8
41. Rxh8 Kxh8 42. g4 Kg7 43. b3 Qh6 44. Qe2 Qf6 45. Nc6 a5 46. Qe5 Qxe5 47.
dxe5 Nb7 48. b4 f6 49. Kf2 fxe5 50. Nxe5 Nd6 51. Ke3 b5 52. bxa5 Kf6 53. Nd7+
Ke7 54. Nb6 bxa4 55. Kd3 Nb7 56. Nxa4 Nxa5 57. Nb6 Kd6 58. c4 1/2-1/2

[Event "?"]
[Site "?"]
[Date "2021.09.14"]
[Round "4"]
[White "Афинеевский, Илья."]
[Black "Матo^нин, Владислав."]
[Result "0-1"]
[WhiteElo "1643"]
[BlackElo "1993"]
[PlyCount "88"]

1. d4 Nf6 2. Bg5 g6 3. Bxf6 exf6 4. e3 Bg7 5. h4 h5 6. Nf3 d5 7. c4 c6 8. Nc3
dxc4 9. Bxc4 Nd7 10. Qb3 O-O 11. O-O Nb6 12. Bd3 Be6 13. Qc2 Nd5 14. Nxd5 Bxd5
15. e4 Be6 16. Rfe1 Bg4 17. Nh2 Qxd4 18. Nxg4 hxg4 19. g3 Rfe8 20. Rad1 Rad8
21. Be2 Qb4 22. Bxg4 f5 23. a3 Qxb2 24. Qxb2 Bxb2 25. exf5 Rxe1+ 26. Rxe1 Bxa3
27. fxg6 fxg6 28. Rb1 b5 29. h5 gxh5 30. Bxh5 a5 31. Bf3 Rd6 32. Kg2 b4 33. Bd1
c5 34. Bb3+ Kf8 35. Kf3 Rd3+ 36. Ke4 Rc3 37. Kd5 Ke7 38. Bc4 a4 39. Kxc5 b3+
40. Kd4 Rc2 41. Bxb3 Bb2+ 42. Rxb2 Rxb2 43. Bg8 Rxf2 44. Kc3 a3 0-1

[Event "?"]
[Site "?"]
[Date "2021.09.14"]
[Round "4"]
[White "Вершинин, Игорь."]
[Black "Теймурханлы, Теймур."]
[Result "1/2-1/2"]
[WhiteElo "1937"]
[BlackElo "1874"]
[PlyCount "79"]

1. e4 c5 2. Nf3 e6 3. Be2 Nc6 4. O-O Nf6 5. Nc3 d5 6. exd5 Nxd5 7. Re1 Be7 8.
Bc4 O-O 9. h3 a6 10. Bxd5 exd5 11. d4 cxd4 12. Nxd4 Nxd4 13. Qxd4 Be6 14. Bf4
Rc8 15. Be5 Rc4 16. Qd3 Qd7 17. Rad1 Rd8 18. Qg3 f6 19. Bd4 Bd6 20. Qf3 Bb8 21.
Bb6 Rdc8 22. Nxd5 Bxd5 23. Rxd5 Qc6 24. Rd8+ Rxd8 25. Bxd8 Qxf3 26. gxf3 Rxc2
27. Re8+ Kf7 28. Re7+ Kg6 29. Rxb7 Be5 30. b4 Rxa2 31. Bb6 Bd6 32. Bc5 Bxc5 33.
bxc5 Rc2 34. Rb6 Rxc5 35. Rxa6 h5 36. Ra4 Kg5 37. Kg2 Rf5 38. Kg3 h4+ 39. Kg2
Kh5 40. Rb4 1/2-1/2

[Event "?"]
[Site "?"]
[Date "2021.09.14"]
[Round "4"]
[White "Хлыповка, Степан."]
[Black "Емель~~енков, Иван."]
[Result "1/2-1/2"]
[WhiteElo "1725"]
[BlackElo "1741"]
[PlyCount "53"]

1. Nf3 Nf6 2. g3 d5 3. Bg2 g6 4. O-O Bg7 5. d3 O-O 6. Nbd2 c5 7. e4 e6 8. Qe2
Nc6 9. Re1 Re8 10. Nf1 h6 11. h4 b6 12. e5 Nd7 13. Bf4 Bb7 14. N1h2 Ne7 15. Qd2
Kh7 16. g4 d4 17. h5 gxh5 18. gxh5 Nf5 19. Bg3 Rb8 20. Bh3 Nxg3 21. fxg3 Rg8
22. Qf4 Qe7 23. Re2 Rbf8 24. Rae1 Bd5 25. Nh4 Qg5 26. Qxg5 hxg5 27. N4f3
1/2-1/2

[Event "?"]
[Site "?"]
[Date "2021.09.14"]
[Round "4"]
[White "Давидян, Владимир."]
[Black "Архипов, Александр."]
[Result "0-1"]
[WhiteElo "1418"]
[BlackElo "1613"]
[PlyCount "80"]

1. e4 c6 2. d4 d5 3. Nc3 dxe4 4. Nxe4 Bf5 5. Ng3 Bg6 6. Bc4 e6 7. N1e2 Nf6 8.
Nf4 Nd5 9. Bxd5 cxd5 10. O-O Bd6 11. c3 Nd7 12. Re1 O-O 13. Qe2 Qc7 14. Nxg6
hxg6 15. Qd3 a6 16. a4 Nb6 17. b3 Rfc8 18. Bd2 a5 19. h3 Qd7 20. h4 Rc6 21. h5
gxh5 22. Nxh5 Qc7 23. Re3 e5 24. dxe5 Bxe5 25. Rae1 Nd7 26. f4 Bf6 27. Rh3 Qd6
28. Ng3 g6 29. f5 Ne5 30. Qe2 Re8 31. Qf1 Re7 32. Bf4 Qc5+ 33. Kh1 Ng4 34. Rxe7
Bxe7 35. fxg6 fxg6 36. Ne2 Nf2+ 37. Kh2 Nxh3 38. Kxh3 g5 39. Be5 Qe3+ 40. Bg3
Rh6+ 0-1

[Event "?"]
[Site "?"]
[Date "2021.09.14"]
[Round "4"]
[White "Хлыповка, Лада."]
[Black "Данилина, Софья."]
[Result "1-0"]
[WhiteElo "1555"]
[BlackElo "1485"]
[PlyCount "59"]

1. d4 d5 2. Nf3 Nf6 3. e3 c5 4. b3 Nc6 5. Bb2 Bf5 6. a3 e6 7. Bd3 Bg6 8. Nbd2
Bd6 9. Ne5 a6 10. O-O Qc7 11. Ndf3 Bh5 12. Be2 Ne4 13. h3 f6 14. Nxc6 bxc6 15.
c4 Bf7 16. dxc5 Nxc5 17. b4 Ne4 18. cxd5 cxd5 19. Rc1 Qd7 20. Nd4 O-O 21. Bd3
Rfc8 22. Rxc8+ Qxc8 23. Bxe4 dxe4 24. Qg4 Be5 25. Rc1 Qd7 26. Qxe4 Rc8 27.
Rxc8+ Qxc8 28. Nc6 Bd6 29. Qc4 e5 30. Ne7+ 1-0

[Event "?"]
[Site "?"]
[Date "2021.09.14"]
[Round "4"]
[White "Финкельштейн, Александр."]
[Black "Переверзев, Тимофей."]
[Result "0-1"]
[WhiteElo "1855"]
[BlackElo "1852"]
[PlyCount "66"]

1. d4 g6 2. e4 Bg7 3. c4 d6 4. Nc3 Nd7 5. Nf3 e5 6. Be2 Ne7 7. d5 O-O 8. O-O f5
9. Bd2 Nf6 10. Qc2 h6 11. b4 g5 12. exf5 Bxf5 13. Bd3 Qd7 14. Ne4 Nxe4 15. Bxe4
Rf7 16. Rab1 Raf8 17. Rb3 b5 18. Ra3 Ng6 19. cxb5 Qxb5 20. Bxf5 Rxf5 21. Qe4
Nf4 22. Ra5 Ne2+ 23. Kh1 Ng3+ 24. hxg3 Qxf1+ 25. Kh2 Rxf3 26. gxf3 Qxf2+ 27.
Kh1 Qf1+ 28. Kh2 Qf2+ 29. Kh1 Qf1+ 30. Kh2 Rxf3 31. Be1 h5 32. Qxf3 Qxf3 33.
Kg1 e4 0-1

[Event "?"]
[Site "?"]
[Date "2021.09.14"]
[Round "4"]
[White "Якушков, Павел."]
[Black "Корельский, Егор."]
[Result "0-1"]
[WhiteElo "1811"]
[BlackElo "1896"]
[PlyCount "152"]

1. e4 c5 2. Nf3 e6 3. d4 cxd4 4. Nxd4 a6 5. c4 Nf6 6. Nc3 Qc7 7. Be2 b6 8. O-O
Bb7 9. Qd3 Nc6 10. Nxc6 dxc6 11. Be3 c5 12. f4 Rd8 13. Qc2 Be7 14. Bf3 O-O 15.
a4 Nd7 16. e5 Nb8 17. Bxb7 Qxb7 18. f5 Kh8 19. f6 gxf6 20. exf6 Bd6 21. Bh6 Rg8
22. Bg7+ Rxg7 23. fxg7+ Kxg7 24. Ne4 Be7 25. Ra3 f5 26. Rg3+ Kh8 27. Ng5 Bxg5
28. Rxg5 Nc6 29. Qe2 Qe7 30. Qe3 Qf6 31. b3 Qd4 32. Rg3 Qxe3+ 33. Rxe3 Nd4 34.
Rf2 a5 35. h3 h5 36. Kh1 Rg8 37. Rf4 Rg6 38. Rh4 Rh6 39. Rf4 Kg7 40. g3 Kf6 41.
Kg2 e5 42. Rf1 Rg6 43. Kf2 e4 44. Kg2 Ke5 45. Ree1 Nxb3 46. Rf4 Nd4 47. Re3 Ne6
48. Rh4 Rg5 49. Rb3 Rg6 50. Kf2 Nd4 51. Rb2 e3+ 52. Kxe3 Rxg3+ 53. Kf2 Rc3 54.
Rxb6 Rxc4 55. Rxh5 Rxa4 56. Rb2 c4 57. Rh8 c3 58. Rb1 f4 59. Rd8 Ra2+ 60. Kf1
Ke4 61. Re1+ Kd3 62. h4 Rd2 63. h5 c2 64. h6 Rh2 65. Rd6 Rh1+ 66. Kg2 Rxe1 67.
h7 c1=Q 68. Rxd4+ Kc3 69. h8=Q Rg1+ 70. Kh3 Rh1+ 71. Kg4 Qg1+ 72. Kf5 Rxh8 73.
Re4 Kd3 74. Rxf4 Rf8+ 75. Ke5 Qe3+ 76. Kd5 Qxf4 0-1

[Event "?"]
[Site "?"]
[Date "2021.09.14"]
[Round "4"]
[White "Шогджиев, Роман."]
[Black "Королев, Кирилл."]
[Result "0-1"]
[WhiteElo "1664"]
[BlackElo "1888"]
[PlyCount "124"]

1. e4 c5 2. Nf3 e6 3. d4 cxd4 4. Nxd4 Nc6 5. Nc3 Qc7 6. Ndb5 Qb8 7. Be3 Nf6 8.
g3 a6 9. Nd4 b5 10. Bg2 Bb7 11. O-O Ne5 12. h3 b4 13. Na4 Bxe4 14. Bxe4 Nxe4
15. Qe2 Nc5 16. Nxc5 Bxc5 17. Nc6 Nxc6 18. Bxc5 d6 19. Qe4 O-O 20. Qxc6 dxc5
21. Qxc5 Rc8 22. Qd4 Rxc2 23. Rac1 Rxc1 24. Rxc1 Qb7 25. Qd6 Qb8 26. Rc7 Ra7
27. Rc6 Qxd6 28. Rxd6 Kf8 29. Kf1 Ke7 30. Rc6 Kd7 31. Rc4 a5 32. Ke2 Rc7 33.
Rd4+ Kc6 34. f4 Kb5 35. Kd2 Rc5 36. Re4 Rd5+ 37. Kc2 a4 38. Re3 Rc5+ 39. Kd2
Rh5 40. g4 Rd5+ 41. Kc2 Kc4 42. Re4+ Rd4 43. b3+ axb3+ 44. axb3+ Kd5 45. Re5+
Kd6 46. Rh5 h6 47. g5 hxg5 48. Rxg5 g6 49. Rg4 Kd5 50. h4 e5 51. h5 gxh5 52.
Rh4 Rxf4 53. Rxh5 Kd4 54. Rh2 Rf3 55. Rd2+ Ke4 56. Rd6 Rf2+ 57. Kc1 Ke3 58. Rb6
Rf4 59. Rb5 Re4 60. Kd1 f5 61. Rd5 Rd4+ 62. Rxd4 Kxd4 0-1

[Event "?"]
[Site "?"]
[Date "2021.09.14"]
[Round "4"]
[White "Силенко, Алексей."]
[Black "Медведев, Федор."]
[Result "0-1"]
[WhiteElo "1729"]
[BlackElo "1557"]
[PlyCount "116"]

1. e4 c5 2. Nf3 Nc6 3. d3 g6 4. Nbd2 Bg7 5. g3 d6 6. Bg2 e6 7. O-O Nge7 8. c3
O-O 9. Re1 b5 10. h4 b4 11. Qc2 Rb8 12. c4 Qc7 13. Nf1 Rd8 14. N1h2 Na5 15. Bd2
Nec6 16. b3 Bxa1 17. Rxa1 Qe7 18. Ng4 f6 19. Qc1 Ne5 20. Nh6+ Kh8 21. Ng5 Qg7
22. Nh3 Nxd3 23. Qc2 Ne5 24. f4 Nf7 25. Nxf7+ Qxf7 26. e5 Bb7 27. exf6 Qxf6 28.
Re1 Bxg2 29. Kxg2 d5 30. Ng5 Rb6 31. cxd5 Rxd5 32. Bc1 Kg8 33. Bb2 Qf5 34. Ne4
Rdd6 35. Re2 Rd8 36. Nf6+ Kf7 37. Nd5 Qxc2 38. Rxc2 Rxd5 39. Kf3 Ke7 40. Ke4
Nb7 41. Be5 Nd6+ 42. Bxd6+ Kxd6 43. Ke3 Kc6 44. Rc4 Rd1 45. Rc2 Kd5 46. Rc4 a5
47. Rc2 Re1+ 48. Kf3 Kd4 49. Rc4+ Kd5 50. Rc2 Kc6 51. Kf2 Re4 52. Kf3 Rd4 53.
Ke3 Kb5 54. Rc1 Rd5 55. Rc4 a4 56. Re4 Rd1 57. Kf3 axb3 58. Ke2 bxa2 0-1

[Event "?"]
[Site "?"]
[Date "2021.09.15"]
[Round "5"]
[White "Елецкий, Иван."]
[Black "Кухмазов, Арсен."]
[Result "0-1"]
[WhiteElo "2469"]
[BlackElo "2472"]
[PlyCount "90"]

1. e4 e5 2. Nf3 Nc6 3. Bb5 a6 4. Ba4 Nf6 5. d3 Bc5 6. Nc3 b5 7. Bb3 h6 8. Nd5
d6 9. c3 Bb7 10. a4 O-O 11. Nxf6+ Qxf6 12. g4 bxa4 13. Rxa4 Nd8 14. g5 hxg5 15.
Bxg5 Qg6 16. Rg1 Ne6 17. Nh4 Qh7 18. Qg4 Bc8 19. Nf5 Re8 20. Bf6 g6 21. Rg3 Nf4
22. d4 Rb8 23. Ba2 Rxb2 24. dxc5 Bxf5 25. Qxf5 Nd3+ 26. Kd1 Nxf2+ 27. Kc1 Nd3+
28. Rxd3 gxf5 29. Kxb2 Qxh2+ 30. Ka3 Rb8 31. Rb4 Rxb4 32. cxb4 fxe4 33. cxd6
cxd6 34. Rxd6 Qf4 35. Bb1 Qc1+ 36. Ka2 Qc4+ 37. Ka3 a5 38. Rd8+ Kh7 39. Be7
Qc3+ 40. Ka2 axb4 41. Bxe4+ Kg7 42. Bd3 b3+ 43. Ka3 b2+ 44. Ka2 Qa5+ 45. Kb1
Qa1+ 0-1

[Event "?"]
[Site "?"]
[Date "2021.09.15"]
[Round "5"]
[White "Дудин, Глеб."]
[Black "Быков, Егор."]
[Result "1/2-1/2"]
[WhiteElo "2428"]
[BlackElo "2373"]
[PlyCount "122"]

1. c4 c6 2. d4 d5 3. Nf3 Nf6 4. e3 Bg4 5. Nbd2 e6 6. Be2 Nbd7 7. O-O Bd6 8. b3
Ne4 9. Nxe4 dxe4 10. Nd2 Bxe2 11. Qxe2 f5 12. f3 Qh4 13. g3 Qh5 14. Bb2 O-O 15.
Rf2 exf3 16. Qxf3 Qxf3 17. Nxf3 Nf6 18. Ng5 Rae8 19. Rd1 h6 20. Nf3 g5 21. Rdf1
Ne4 22. Re2 g4 23. Nd2 Ng5 24. Kg2 h5 25. e4 f4 26. gxf4 Bxf4 27. e5 Bxd2 28.
Rxf8+ Rxf8 29. Rxd2 h4 30. Re2 Nh3 31. Bc1 Rf3 32. Be3 Kf7 33. Re1 Kg6 34. Re2
Kf5 35. Re1 a6 36. a4 a5 37. Kh1 Ke4 38. Bg1+ Kd3 39. d5 cxd5 40. cxd5 exd5 41.
e6 Rf8 42. Bc5 Re8 43. e7 Nf4 44. b4 axb4 45. Bxb4 g3 46. Bd6 Ng6 47. hxg3 hxg3
48. Re6 Nh4 49. Bxg3 Nf5 50. Bd6 Nxd6 51. Rxd6 d4 52. Rd7 Ke3 53. Kg2 d3 54.
Kf1 b6 55. Ke1 Rh8 56. Kf1 d2 57. Rd8 Re8 58. Rd7 Kf3 59. Rd3+ Kf4 60. Ke2
Rxe7+ 61. Kxd2 Rc7 1/2-1/2

[Event "?"]
[Site "?"]
[Date "2021.09.15"]
[Round "5"]
[White "Погосян, Стефан."]
[Black "Клo^кин, Кирилл."]
[Result "1/2-1/2"]
[WhiteElo "2400"]
[BlackElo "2366"]
[PlyCount "101"]

1. Nf3 d5 2. c4 e6 3. e3 Nf6 4. b3 Bd6 5. Bb2 c5 6. Nc3 Nc6 7. cxd5 exd5 8. d4
Bg4 9. dxc5 Bxc5 10. Be2 O-O 11. O-O a6 12. Rc1 Ba7 13. h3 Bh5 14. Na4 Ne4 15.
Nd2 Nxd2 16. Qxd2 Bxe2 17. Qxe2 d4 18. exd4 Nxd4 19. Bxd4 Qxd4 20. Rfd1 Qf4 21.
Nc5 Rfe8 22. Qd2 Qxd2 23. Rxd2 Re7 24. Nd7 Rae8 25. Rc7 Bb8 26. Nf6+ gxf6 27.
Rxe7 Rxe7 28. Rd8+ Kg7 29. Rxb8 f5 30. g3 Kf6 31. Kg2 Rc7 32. h4 h6 33. Kf3 Rc2
34. Rxb7 Rxa2 35. Rb6+ Kg7 36. Ke3 a5 37. Ra6 f4+ 38. gxf4 Ra3 39. Ke4 Rxb3 40.
Rxa5 Rh3 41. h5 Kf6 42. Rf5+ Kg7 43. Ra5 Kf6 44. Rb5 Kg7 45. f3 Rh4 46. Ra5 Kf6
47. Rf5+ Kg7 48. Ke5 Rh3 49. Ke4 Rh4 50. Ke3 Rh2 51. Ra5 1/2-1/2

[Event "?"]
[Site "?"]
[Date "2021.09.15"]
[Round "5"]
[White "Яшметов, Михаил."]
[Black "Галактионов, Артем."]
[Result "1/2-1/2"]
[WhiteElo "2249"]
[BlackElo "2371"]
[PlyCount "89"]

1. Nf3 d5 2. e3 Nf6 3. c4 e6 4. b3 c6 5. Bb2 Bd6 6. Qc2 a5 7. Nc3 Nbd7 8. d4
Qe7 9. cxd5 exd5 10. Bd3 O-O 11. O-O Re8 12. Rae1 Ne4 13. Nd2 f5 14. Re2 Qg5
15. f4 Qh5 16. Nf3 Re6 17. Ne5 Nxe5 18. dxe5 Be7 19. g3 Rg6 20. Rg2 Qh3 21. Ne2
Bd7 22. Nd4 Rf8 23. Bc3 c5 24. Ne2 Nxc3 25. Nxc3 Bc6 26. Bb5 h5 27. Bxc6 bxc6
28. Nd1 Qg4 29. h3 Qxh3 30. Nf2 Qxg3 31. Rxg3 Rxg3+ 32. Kh2 Rxe3 33. Nd3 a4 34.
Re1 axb3 35. axb3 Re4 36. Rg1 g5 37. Rxg5+ Bxg5 38. Qg2 Kh8 39. Qxg5 Rf7 40.
Qg6 Re2+ 41. Kh1 Ra7 42. Qf6+ Kg8 43. Qg6+ Kh8 44. Qh6+ Kg8 45. Qg6+ 1/2-1/2

[Event "?"]
[Site "?"]
[Date "2021.09.15"]
[Round "5"]
[White "Захарцов, Владимир."]
[Black "Демидов, Михаил."]
[Result "1/2-1/2"]
[WhiteElo "2506"]
[BlackElo "2549"]
[PlyCount "82"]

1. Nf3 Nf6 2. c4 e6 3. Nc3 d5 4. d4 c6 5. cxd5 exd5 6. Bg5 Be7 7. Qc2 g6 8.
Bxf6 Bxf6 9. e3 a5 10. Bd3 Be6 11. O-O Nd7 12. a3 O-O 13. Na4 Qe7 14. Rac1 Rfc8
15. Rfe1 Qd8 16. b4 b6 17. h3 Qf8 18. Rb1 axb4 19. axb4 b5 20. Nc5 Nxc5 21.
bxc5 Ra3 22. Rb3 Rca8 23. Reb1 Rxb3 24. Qxb3 Ra6 25. Ne1 Qa8 26. Nc2 Kg7 27.
Qc3 Bd8 28. e4 Ra4 29. e5 Ba5 30. Qb2 Bd2 31. Ra1 Qa5 32. Rxa4 Qxa4 33. Kf1 b4
34. Qa1 Qb3 35. Ke2 Bc3 36. Qa5 Qb2 37. Qd8 h5 38. Bxg6 fxg6 39. Qf6+ Kh7 40.
Qe7+ Kh8 41. Qf6+ Kh7 1/2-1/2

[Event "?"]
[Site "?"]
[Date "2021.09.15"]
[Round "5"]
[White "Гурви~~, Виталий."]
[Black "Двалишвили, Павел."]
[Result "1/2-1/2"]
[WhiteElo "2253"]
[BlackElo "2400"]
[PlyCount "55"]

1. e4 c5 2. Nf3 e6 3. d4 cxd4 4. Nxd4 a6 5. Bd3 g6 6. Nc3 Bg7 7. Be3 Ne7 8. f4
Nbc6 9. Nxc6 Nxc6 10. O-O O-O 11. Qd2 d5 12. Bc5 Re8 13. exd5 exd5 14. Rae1
Rxe1 15. Rxe1 Be6 16. Ne2 Qc7 17. b3 Bh6 18. Be3 d4 19. Bf2 Bg4 20. Be4 Bxe2
21. Qxe2 Bxf4 22. g3 Be3 23. Bxe3 dxe3 24. Qxe3 Re8 25. Qf2 Qa5 26. Rf1 f5 27.
Bxc6 bxc6 28. c4 1/2-1/2

[Event "?"]
[Site "?"]
[Date "2021.09.15"]
[Round "5"]
[White "Бабарыкин, Станислав."]
[Black "Худяков, Станислав."]
[Result "1/2-1/2"]
[WhiteElo "2345"]
[BlackElo "2284"]
[PlyCount "55"]

1. d4 Nf6 2. Bf4 g6 3. Nc3 d5 4. Qd2 a6 5. Nf3 h6 6. Ne5 Bg7 7. f3 g5 8. Bg3
Nbd7 9. O-O-O Nb6 10. h4 Nh5 11. Bf2 Be6 12. g4 Nf4 13. e3 Ng6 14. Nxg6 fxg6
15. hxg5 Qd7 16. gxh6 Bxh6 17. g5 Bg7 18. Bd3 Bf5 19. Rxh8+ Bxh8 20. Rh1 O-O-O
21. Rh7 Qc6 22. Ne2 Re8 23. Nf4 Rg8 24. Rh6 Bg7 25. Rxg6 Bxg6 26. Bxg6 Rf8 27.
Qd3 e5 28. Bh7 1/2-1/2

[Event "?"]
[Site "?"]
[Date "2021.09.15"]
[Round "5"]
[White "Скворцов, Андрей."]
[Black "Усков, Артем."]
[Result "0-1"]
[WhiteElo "2136"]
[BlackElo "2100"]
[PlyCount "66"]

1. e4 Nf6 2. Nc3 d5 3. e5 Nfd7 4. Nxd5 Nxe5 5. Ne3 e6 6. d4 Ng6 7. Nf3 Be7 8.
Bd3 c5 9. dxc5 Bxc5 10. O-O O-O 11. c3 Nd7 12. Qc2 Qc7 13. Nc4 b5 14. Ncd2 a6
15. a4 Rb8 16. axb5 axb5 17. Ne4 Be7 18. Nd4 b4 19. cxb4 Qxc2 20. Bxc2 Rxb4 21.
Nc6 Rc4 22. Nxe7+ Nxe7 23. Nc3 Nf6 24. Be3 Ned5 25. Bd2 Bb7 26. Ra7 Bc6 27. Rc1
Rd4 28. Nxd5 Nxd5 29. Be1 Nf4 30. Rd1 Ne2+ 31. Kh1 Rg4 32. f3 Bxf3 33. h4 Rxg2
0-1

[Event "?"]
[Site "?"]
[Date "2021.09.15"]
[Round "5"]
[White "Титов, Александр."]
[Black "Тейитбаев, Актилек."]
[Result "1-0"]
[WhiteElo "2137"]
[BlackElo "2106"]
[PlyCount "53"]

1. d4 Nf6 2. c4 c6 3. Nc3 d5 4. e3 e6 5. Nf3 Nbd7 6. Qc2 Bd6 7. g4 h6 8. Rg1
Qe7 9. h4 dxc4 10. Bxc4 Nb6 11. Be2 e5 12. g5 hxg5 13. dxe5 Bxe5 14. Rxg5 Bc7
15. Rxg7 Be6 16. Bd2 Nc4 17. O-O-O Nxd2 18. Rxd2 Nd7 19. Ng5 O-O-O 20. Nxe6
Qxe6 21. Bg4 Qf6 22. Rh7 Rxh7 23. Qxh7 Ba5 24. Qd3 Bxc3 25. Bxd7+ Kc7 26. bxc3
Qe7 27. h5 1-0

[Event "?"]
[Site "?"]
[Date "2021.09.15"]
[Round "5"]
[White "Шведова, Александра."]
[Black "Гоцo^к, Денис."]
[Result "1-0"]
[WhiteElo "2049"]
[BlackElo "2005"]
[PlyCount "57"]

1. e4 d5 2. exd5 Qxd5 3. Nf3 Bg4 4. Be2 Nc6 5. d4 O-O-O 6. Be3 e5 7. c4 Qa5+ 8.
Bd2 Bb4 9. d5 Bxf3 10. Bxf3 Bxd2+ 11. Nxd2 Nd4 12. O-O Ne7 13. Nb3 Nxb3 14.
Qxb3 Ng6 15. Qc2 Rhf8 16. b4 Qa3 17. Bg4+ Kb8 18. Rab1 e4 19. Qxe4 Rde8 20. Qc2
Re5 21. Rb3 Qa4 22. f4 Re3 23. Bd7 Qxd7 24. Rxe3 a6 25. Qe4 Qa4 26. f5 Nh8 27.
c5 a5 28. Qe7 Rg8 29. d6 1-0

[Event "?"]
[Site "?"]
[Date "2021.09.15"]
[Round "5"]
[White "Ким, Андрей."]
[Black "Луполов, Борис."]
[Result "1-0"]
[WhiteElo "2037"]
[BlackElo "2007"]
[PlyCount "69"]

1. d4 Nf6 2. c4 e6 3. g3 d5 4. Nf3 c6 5. Bg2 Be7 6. O-O O-O 7. Qc2 b6 8. Nbd2
Bb7 9. e4 c5 10. cxd5 exd5 11. e5 Ne4 12. Rd1 Nd7 13. dxc5 Rc8 14. Nxe4 dxe4
15. Nd4 Nxc5 16. Qe2 Qe8 17. Qg4 f5 18. Nxf5 g6 19. Nd6 Bxd6 20. exd6 Qf7 21.
Be3 Nd3 22. Rd2 Ne5 23. Qg5 Qe6 24. Qe7 Qxe7 25. dxe7 Rfe8 26. Bg5 Kf7 27. Re1
Rc5 28. h4 Bc6 29. Kh1 Nf3 30. Bxf3 exf3 31. Rd4 Rf5 32. g4 Rxg5 33. hxg5 Rxe7
34. Rxe7+ Kxe7 35. Kh2 1-0

[Event "?"]
[Site "?"]
[Date "2021.09.15"]
[Round "5"]
[White "Коршунов, Сергей."]
[Black "Ростовцев, Дмитрий."]
[Result "0-1"]
[WhiteElo "2022"]
[BlackElo "2124"]
[PlyCount "40"]

1. e4 c5 2. Nf3 d6 3. d4 cxd4 4. Nxd4 Nf6 5. Nc3 Nc6 6. Bg5 e6 7. Qd2 a6 8.
O-O-O Bd7 9. f4 Be7 10. Nf3 b5 11. e5 b4 12. exd6 bxc3 13. Qxc3 Bf8 14. Ne5
Nxe5 15. Qxe5 h6 16. Bc4 hxg5 17. fxg5 Rh4 18. Rd4 Rxd4 19. Qxd4 Nd5 20. h4 Qb6
0-1

[Event "?"]
[Site "?"]
[Date "2021.09.15"]
[Round "5"]
[White "Тер-Саакян, Григорий."]
[Black "Матевосян, Матевос."]
[Result "0-1"]
[WhiteElo "2191"]
[BlackElo "1907"]
[PlyCount "93"]

1. d4 Nf6 2. Nf3 e6 3. c4 b6 4. g3 Bb7 5. Bg2 Bb4+ 6. Bd2 Be7 7. O-O O-O 8. Nc3
Ne4 9. Qc2 f5 10. Ne5 Nxc3 11. Bxc3 Bxg2 12. Kxg2 d6 13. Nf3 Qe8 14. e4 Qc6 15.
Nd2 fxe4 16. Qxe4 Qxe4+ 17. Nxe4 d5 18. Nd2 Bf6 19. Rfe1 Kf7 20. f4 g6 21. b3
Nc6 22. cxd5 exd5 23. Nf3 Rfe8 24. Kf2 Rxe1 25. Rxe1 Re8 26. Rc1 Ke6 27. g4 Kd7
28. Ne5+ Bxe5 29. dxe5 g5 30. Kg3 gxf4+ 31. Kxf4 Rf8+ 32. Kg3 Nd8 33. b4 c5 34.
bxc5 bxc5 35. Rb1 Kc6 36. Rb8 d4 37. Ba5 Ne6 38. Rxf8 Nxf8 39. Kf4 Kd5 40. Kf5
c4 41. Bb4 Ne6 42. Be1 c3 43. h4 Nc5 44. h5 Ne4 45. e6 c2 46. Bd2 Nxd2 47. e7
0-1

[Event "?"]
[Site "?"]
[Date "2021.09.15"]
[Round "5"]
[White "Гухман, Сергей."]
[Black "Петрова, Елизавета."]
[Result "1-0"]
[WhiteElo "1915"]
[BlackElo "1835"]
[PlyCount "81"]

1. Nf3 Nf6 2. g3 g6 3. Bg2 Bg7 4. O-O O-O 5. c4 d6 6. d4 Nbd7 7. Nc3 c5 8. d5
a6 9. Re1 Rb8 10. a4 Ng4 11. h3 Nge5 12. Nd2 Nb6 13. Qb3 f5 14. f4 Nf7 15. e4
Re8 16. a5 Na8 17. Nf3 Qc7 18. e5 Rf8 19. e6 Nh6 20. Bd2 b6 21. Qc2 b5 22. b3
bxc4 23. bxc4 Rb4 24. Bf1 Bb7 25. Bd3 Qd8 26. Ra2 Kh8 27. Kh2 Nc7 28. Na4 Rxa4
29. Rxa4 Qa8 30. Bc3 Rb8 31. Raa1 Ne8 32. Rab1 Bc8 33. Rxb8 Qxb8 34. Rb1 Qa8
35. Bxg7+ Nxg7 36. Qb2 Bxe6 37. Qb7 Qg8 38. dxe6 Qxe6 39. Ng5 Qe3 40. Qf3 Qd2+
41. Qe2 1-0

[Event "?"]
[Site "?"]
[Date "2021.09.15"]
[Round "5"]
[White "Ростовцев, Дмитрий."]
[Black "Дон~~ев, Александр."]
[Result "0-1"]
[WhiteElo "2124"]
[BlackElo "1000"]
[PlyCount "108"]

1. d4 Nf6 2. Bf4 c5 3. e3 d5 4. c3 Nc6 5. Nd2 g6 6. Ngf3 Bg7 7. Bd3 O-O 8. O-O
Nd7 9. Rb1 e5 10. Nxe5 Ndxe5 11. Bxe5 Nxe5 12. dxe5 Bxe5 13. Nf3 Bf6 14. e4
dxe4 15. Bxe4 Be6 16. Qxd8 Rfxd8 17. b3 Rd7 18. Rbd1 Rad8 19. Rxd7 Rxd7 20. c4
Kg7 21. Rb1 g5 22. Kf1 g4 23. Ne1 Rd2 24. Nc2 Bc3 25. Ne3 Rxa2 26. Bxb7 f5 27.
g3 Bd4 28. Kg1 a5 29. Bc6 Kf6 30. Re1 Rb2 31. Ba4 h5 32. Kf1 Rd2 33. Re2 Rd3
34. Re1 Rc3 35. Re2 Rc1+ 36. Re1 Bxe3 37. fxe3 Rc3 38. Kf2 Ke5 39. Re2 Bc8 40.
Ra2 Bb7 41. Bd7 Ke4 42. Be6 Rxb3 43. Rxa5 Rb2+ 44. Ke1 Kxe3 45. Bxf5 Rxh2 46.
Ra3+ Kd4 47. Be6 Be4 48. Ra7 Ke3 49. Ra3+ Bd3 50. Rxd3+ Kxd3 51. Kf1 Rh1+ 52.
Kg2 Rc1 53. Kf2 Rc2+ 54. Kg1 Rxc4 0-1

[Event "?"]
[Site "?"]
[Date "2021.09.15"]
[Round "5"]
[White "Ахмедов, Давид."]
[Black "Усов, Дмитрий."]
[Result "1-0"]
[WhiteElo "2041"]
[BlackElo "1828"]
[PlyCount "93"]

1. e4 c6 2. Nf3 d5 3. d3 dxe4 4. dxe4 Qxd1+ 5. Kxd1 f6 6. Nfd2 e5 7. c3 Be6 8.
f3 b5 9. Kc2 Nd7 10. a4 b4 11. Bc4 Bxc4 12. Nxc4 O-O-O 13. Be3 a6 14. Nbd2 bxc3
15. bxc3 Bc5 16. Nb3 Bxe3 17. Nxe3 Ne7 18. a5 Kc7 19. Rhd1 g6 20. Rd2 f5 21.
Rad1 fxe4 22. fxe4 Rhf8 23. Nc4 Ng8 24. Nb6 Ngf6 25. g4 g5 26. h3 h6 27. Rd3
Nb8 28. Nc5 Rxd3 29. Rxd3 Rf7 30. Ne6+ Kb7 31. Nd8+ Kc7 32. Nxf7 Nxe4 33. Nxe5
Nf2 34. Rf3 Ne4 35. Rf7+ Kd6 36. Nec4+ Ke6 37. Rb7 Nf2 38. Rxb8 Nxh3 39. Re8+
Kf6 40. Nd7+ Kf7 41. Nd6+ Kg7 42. Nf5+ Kg6 43. Re6+ Kf7 44. Re7+ Kg8 45. Rg7+
Kh8 46. Nf6 Nf4 47. Rh7# 1-0